[Event "XLIV Memoriał Szachowy Ludwika Zamenhofa 2025, Grupa B"]
[Site "Bialystok, Poland"]
[Date "2025.12.28"]
[Round "4.1"]
[White "Kozlowski, Pawel"]
[Black "Medvedyk, Volodymyr"]
[Result "1-0"]
[TimeControl "90'+30\""]
[WhiteElo "2036"]
[BlackElo "2138"]

1. e4 {[%clk 01:24:43]} {[%emt 00:06:08]} c5 {[%clk 01:30:57]} {[%emt
00:00:12]} 2. Nc3 {[%clk 01:25:06]} {[%emt 00:00:07]} Nc6 {[%clk 01:30:47]}
{[%emt 00:00:40]} 3. g3 {[%clk 01:25:29]} {[%emt 00:00:06]} g6 {[%clk
01:30:51]} {[%emt 00:00:26]} 4. Bg2 {[%clk 01:25:54]} {[%emt 00:00:06]} Bg7
{[%clk 01:31:15]} {[%emt 00:00:06]} 5. d3 {[%clk 01:26:18]} {[%emt 00:00:06]}
d6 {[%clk 01:30:46]} {[%emt 00:00:58]} 6. Be3 {[%clk 01:26:40]} {[%emt
00:00:08]} Rb8 {[%clk 01:30:47]} {[%emt 00:00:30]} 7. Qd2 {[%clk 01:27:02]}
{[%emt 00:00:07]} b5 {[%clk 01:30:54]} {[%emt 00:00:23]} 8. Nge2 {[%clk
01:27:21]} {[%emt 00:00:11]} b4 {[%clk 01:31:07]} {[%emt 00:00:17]} 9. Nd1
{[%clk 01:27:46]} {[%emt 00:00:05]} Nd4 {[%clk 01:30:56]} {[%emt 00:00:42]} 10.
O-O {[%clk 01:27:57]} {[%emt 00:00:19]} h5 {[%clk 01:30:15]} {[%emt 00:01:11]}
11. h3 {[%clk 01:25:03]} {[%emt 00:03:23]} e6 {[%clk 01:29:22]} {[%emt
00:01:24]} 12. Nc1 {[%clk 01:21:11]} {[%emt 00:04:22]} Ne7 {[%clk 01:19:30]}
{[%emt 00:10:22]} 13. c3 {[%clk 01:20:45]} {[%emt 00:00:56]} Ndc6 {[%clk
01:19:10]} {[%emt 00:00:50]} 14. f4 {[%clk 01:18:33]} {[%emt 00:02:41]} a5
{[%clk 01:02:30]} {[%emt 00:17:10]} 15. g4 {[%clk 01:06:11]} {[%emt 00:12:52]}
hxg4 {[%clk 00:48:11]} {[%emt 00:14:50]} 16. hxg4 {[%clk 01:06:34]} {[%emt
00:00:06]} Bd7 {[%clk 00:38:59]} {[%emt 00:09:43]} 17. d4 {[%clk 01:00:34]}
{[%emt 00:06:30]} bxc3 {[%clk 00:36:33]} {[%emt 00:02:57]} 18. bxc3 {[%clk
01:00:07]} {[%emt 00:00:57]} cxd4 {[%clk 00:35:25]} {[%emt 00:01:38]} 19. cxd4
{[%clk 01:00:30]} {[%emt 00:00:06]} Rb4 {[%clk 00:25:16]} {[%emt 00:10:39]} 20.
Ne2 {[%clk 00:46:41]} {[%emt 00:14:19]} e5 {[%clk 00:25:45]} {[%emt 00:00:02]}
21. a3 {[%clk 00:23:41]} {[%emt 00:23:29]} Rxd4 {[%clk 00:11:16]} {[%emt
00:14:59]} 22. Bxd4 {[%clk 00:11:41]} {[%emt 00:12:31]} exd4 {[%clk 00:09:11]}
{[%emt 00:02:36]} 23. Nf2 {[%clk 00:09:24]} {[%emt 00:02:46]} Nc8 {[%clk
00:05:28]} {[%emt 00:04:14]} 24. g5 {[%clk 00:09:06]} {[%emt 00:00:47]} Nb6
{[%clk 00:03:15]} {[%emt 00:02:43]} 25. Rac1 {[%clk 00:08:19]} {[%emt
00:01:16]} Na4 {[%clk 00:01:24]} {[%emt 00:02:22]} 26. Qc2 {[%clk 00:04:34]}
{[%emt 00:04:14]} Nc5 {[%clk 00:00:33]} {[%emt 00:01:22]} 27. Nd3 {[%clk
00:04:54]} {[%emt 00:00:09]} Nxd3 {[%clk 00:00:33]} {[%emt 00:00:31]} 28. Qxd3
{[%clk 00:05:23]} Qb6 {[%clk 00:00:31]} {[%emt 00:00:31]} 29. Rb1 {[%clk
00:05:07]} {[%emt 00:00:47]} Qa7 {[%clk 00:00:51]} {[%emt 00:00:10]} 30. Rfc1
{[%clk 00:04:25]} {[%emt 00:01:11]} O-O {[%clk 00:00:31]} {[%emt 00:00:50]} 31.
Ng3 {[%clk 00:03:00]} {[%emt 00:01:56]} Re8 {[%clk 00:00:37]} {[%emt 00:00:24]}
32. e5 {[%clk 00:02:37]} {[%emt 00:00:52]} dxe5 {[%clk 00:00:31]} {[%emt
00:00:37]} 33. Bxc6 {[%clk 00:02:42]} {[%emt 00:00:24]} exf4 {[%clk 00:00:34]}
{[%emt 00:00:27]} 34. Rb7 {[%clk 00:02:49]} {[%emt 00:00:23]} Re3 {[%clk
00:00:32]} {[%emt 00:00:33]} 35. Qxe3 {[%clk 00:01:53]} {[%emt 00:01:27]} Qxb7
{[%clk 00:00:54]} {[%emt 00:00:08]} 36. Bxb7 {[%clk 00:02:09]} {[%emt
00:00:13]} dxe3 {[%clk 00:01:12]} {[%emt 00:00:12]} 37. Ne2 {[%clk 00:02:11]}
{[%emt 00:00:28]} Bg4 {[%clk 00:00:31]} {[%emt 00:01:12]} 38. Nxf4 {[%clk
00:02:18]} {[%emt 00:00:23]} Bb2 {[%clk 00:00:31]} {[%emt 00:00:30]} 39. Re1
{[%clk 00:01:01]} {[%emt 00:01:47]} Bxa3 {[%clk 00:00:33]} {[%emt 00:00:28]} 40.
Nd5 {[%clk 00:01:00]} {[%emt 00:00:30]} Be6 {[%clk 00:00:31]} {[%emt 00:00:33]}
41. Kg2 {[%clk 00:00:53]} {[%emt 00:00:37]} Bc5 {[%clk 00:00:31]} {[%emt
00:00:29]} 42. Kf3 {[%clk 00:00:46]} {[%emt 00:00:38]} a4 {[%clk 00:00:31]}
{[%emt 00:00:30]} 43. Nxe3 {[%clk 00:00:33]} {[%emt 00:00:43]} a3 {[%clk
00:00:40]} {[%emt 00:00:21]} 44. Bd5 {[%clk 00:00:38]} {[%emt 00:00:24]} Bxe3
{[%clk 00:00:45]} {[%emt 00:00:25]} 45. Bxe6 {[%clk 00:00:56]} {[%emt
00:00:13]} Bxg5 {[%clk 00:00:54]} {[%emt 00:00:21]} 46. Bc4 {[%clk 00:00:42]}
{[%emt 00:00:43]} Kg7 {[%clk 00:00:40]} {[%emt 00:00:45]} 47. Re8 {[%clk
00:00:44]} {[%emt 00:00:27]} f5 {[%clk 00:00:38]} {[%emt 00:00:33]} 48. Ra8
{[%clk 00:00:33]} {[%emt 00:00:41]} Bc1 {[%clk 00:00:54]} {[%emt 00:00:14]} 49.
Ra6 {[%clk 00:00:40]} {[%emt 00:00:22]} Bb2 {[%clk 00:00:37]} {[%emt 00:00:47]}
50. Bb3 {[%clk 00:00:32]} {[%emt 00:00:39]} Bc1 {[%clk 00:00:33]} {[%emt
00:00:33]} 51. Ba2 {[%clk 00:00:41]} {[%emt 00:00:22]} Bb2 {[%clk 00:00:48]}
{[%emt 00:00:15]} 52. Kf4 {[%clk 00:00:41]} {[%emt 00:00:29]} Bc1+ {[%clk
00:00:41]} {[%emt 00:00:37]} 53. Kf3 {[%clk 00:00:49]} {[%emt 00:00:22]} Bb2
{[%clk 00:01:06]} {[%emt 00:00:06]} 54. Bd5 {[%clk 00:01:06]} {[%emt 00:00:12]}
Bc1 {[%clk 00:01:20]} {[%emt 00:00:17]} 55. Ke2 {[%clk 00:01:19]} {[%emt
00:00:16]} Bb2 {[%clk 00:01:16]} {[%emt 00:00:35]} 56. Kd1 {[%clk 00:01:18]}
{[%emt 00:00:31]} g5 {[%clk 00:00:35]} {[%emt 00:01:11]} 57. Be6 {[%clk
00:00:57]} {[%emt 00:00:51]} Kf6 {[%clk 00:00:33]} {[%emt 00:00:32]} 58. Bc8+
{[%clk 00:00:59]} {[%emt 00:00:28]} Ke5 {[%clk 00:00:57]} {[%emt 00:00:05]} 59.
Ra5+ {[%clk 00:01:23]} {[%emt 00:00:07]} Ke4 {[%emt 00:00:56]} 60. Bxf5+ {[%clk
00:01:38]} {[%emt 00:00:15]} Kf4 {[%clk 00:00:31]} {[%emt 00:00:31]} 61. Be6
{[%clk 00:01:34]} {[%emt 00:00:33]} g4 {[%clk 00:00:32]} {[%emt 00:00:28]} 62.
Ra4+ {[%clk 00:01:46]} {[%emt 00:00:19]} Ke5 {[%emt 00:00:37]} 63. Bxg4 {[%clk
00:02:06]} {[%emt 00:00:03]} Kd5 {[%clk 00:00:36]} {[%emt 00:00:26]} 64. Kc2
{[%clk 00:02:17]} {[%emt 00:00:19]} Kc5 {[%clk 00:00:35]} {[%emt 00:00:31]} 65.
Be6 {[%clk 00:02:31]} {[%emt 00:00:15]} Kd6 {[%clk 00:00:51]} {[%emt 00:00:14]}
66. Bb3 {[%clk 00:02:36]} {[%emt 00:00:25]} Ke5 {[%clk 00:00:49]} {[%emt
00:00:32]} 67. Kd3 {[%clk 00:02:26]} {[%emt 00:00:40]} Kf5 {[%clk 00:00:52]}
{[%emt 00:00:28]} 68. Ke3 {[%clk 00:02:22]} {[%emt 00:00:33]} Bc1+ {[%clk
00:00:57]} {[%emt 00:00:25]} 69. Kf3 {[%clk 00:02:28]} {[%emt 00:00:25]} Ke5
{[%clk 00:01:02]} {[%emt 00:00:25]} 70. Re4+ {[%clk 00:02:38]} {[%emt
00:00:20]} Kf5 {[%clk 00:00:42]} {[%emt 00:00:49]} 71. Rc4 {[%clk 00:02:18]}
{[%emt 00:00:49]} Bb2 {[%clk 00:00:58]} {[%emt 00:00:15]} 72. Rc5+ {[%clk
00:02:39]} {[%emt 00:00:09]} Kf6 {[%clk 00:01:03]} {[%emt 00:00:25]} 73. Kf4
{[%clk 00:02:37]} {[%emt 00:00:30]} Ke7 {[%clk 00:00:32]} {[%emt 00:01:04]} 74.
Rc6 {[%clk 00:02:58]} {[%emt 00:00:08]} Kd7 {[%clk 00:00:39]} {[%emt 00:00:23]}
75. Re6 {[%clk 00:03:01]} {[%emt 00:00:24]} Bc3 {[%clk 00:00:39]} {[%emt
00:00:33]} 76. Ke4 {[%clk 00:03:08]} {[%emt 00:00:23]} Bb4 {[%clk 00:00:31]}
{[%emt 00:00:38]} 77. Kd5 {[%clk 00:03:24]} {[%emt 00:00:13]} Be7 {[%clk
00:00:32]} {[%emt 00:00:29]} 78. Ra6 {[%clk 00:03:06]} {[%emt 00:00:48]} Bb4
{[%clk 00:00:38]} {[%emt 00:00:25]} 79. Ra7+ {[%clk 00:03:25]} {[%emt
00:00:11]} Ke8 {[%clk 00:00:37]} {[%emt 00:00:31]} 80. Rb7 {[%clk 00:03:18]}
{[%emt 00:00:37]} Bc3 {[%clk 00:00:40]} {[%emt 00:00:26]} 81. Kd6 {[%clk
00:03:36]} {[%emt 00:00:10]} Kf8 {[%clk 00:00:37]} {[%emt 00:00:35]} 82. Rf7+
{[%clk 00:01:48]} {[%emt 00:02:17]} Ke8 {[%clk 00:01:05]} {[%emt 00:00:03]} 83.
Rf4 {[%clk 00:01:39]} {[%emt 00:00:38]} Bg7 {[%clk 00:00:36]} {[%emt 00:01:00]}
84. Ra4 {[%clk 00:00:35]} {[%emt 00:01:34]} Bf8+ {[%clk 00:00:32]} {[%emt
00:00:35]} 85. Ke6 {[%clk 00:00:57]} {[%emt 00:00:08]} Be7 {[%clk 00:00:40]}
{[%emt 00:00:22]} 86. Ra8+ {[%clk 00:01:15]} {[%emt 00:00:11]} Bd8 {[%clk
00:01:08]} {[%emt 00:00:02]} 87. Ba4+ {[%clk 00:01:36]} {[%emt 00:00:09]} Kf8
{[%clk 00:01:35]} {[%emt 00:00:03]} 88. Rxd8+ {[%clk 00:02:01]} {[%emt
00:00:07]} 1-0

[Event "XLIV Memoriał Szachowy Ludwika Zamenhofa 2025, Grupa B"]
[Site "Bialystok, Poland"]
[Date "2025.12.28"]
[Round "4.2"]
[White "Fukowski, Pawel"]
[Black "Leskiewicz, Ignacy"]
[Result "1/2-1/2"]
[TimeControl "90'+30\""]
[WhiteElo "1997"]
[BlackElo "2118"]

1. d4 {[%clk 01:30:23]} {[%emt 00:00:36]} Nf6 {[%clk 01:28:47]} {[%emt
00:02:05]} 2. Nf3 {[%clk 01:30:51]} {[%emt 00:00:11]} e6 {[%clk 01:28:55]}
{[%emt 00:00:22]} 3. c4 {[%clk 01:31:05]} {[%emt 00:00:16]} b6 {[%clk
01:29:05]} {[%emt 00:00:20]} 4. g3 {[%clk 01:31:19]} {[%emt 00:00:16]} Ba6
{[%clk 01:29:00]} {[%emt 00:00:34]} 5. Qc2 {[%clk 01:29:56]} {[%emt 00:01:54]}
c5 {[%clk 01:28:16]} {[%emt 00:01:14]} 6. Bg2 {[%clk 01:28:08]} {[%emt
00:02:17]} Bb7 {[%clk 01:28:45]} {[%emt 00:00:02]} 7. dxc5 {[%clk 01:26:33]}
{[%emt 00:02:05]} Bxc5 {[%clk 01:24:42]} {[%emt 00:04:32]} 8. O-O {[%clk
01:26:25]} {[%emt 00:00:39]} O-O {[%clk 01:21:40]} {[%emt 00:03:31]} 9. Bg5
{[%clk 01:23:12]} {[%emt 00:03:43]} Nc6 {[%clk 01:13:34]} {[%emt 00:08:37]} 10.
Rd1 {[%clk 01:22:05]} {[%emt 00:01:37]} Be7 {[%clk 00:54:30]} {[%emt 00:19:34]}
11. Nc3 {[%clk 01:18:35]} {[%emt 00:04:00]} Rc8 {[%clk 00:46:53]} {[%emt
00:08:07]} 12. Bxf6 {[%clk 00:54:49]} {[%emt 00:24:17]} Bxf6 {[%clk 00:44:13]}
{[%emt 00:03:10]} 13. Ne4 {[%clk 00:54:50]} {[%emt 00:00:29]} d5 {[%clk
00:41:18]} {[%emt 00:03:25]} 14. cxd5 {[%clk 00:50:02]} {[%emt 00:05:19]} Na5
{[%clk 00:32:20]} {[%emt 00:09:28]} 15. Qd3 {[%clk 00:46:04]} {[%emt 00:04:28]}
Bxd5 {[%clk 00:29:39]} {[%emt 00:03:11]} 16. Nxf6+ {[%clk 00:42:13]} {[%emt
00:04:21]} Qxf6 {[%clk 00:29:24]} {[%emt 00:00:45]} 17. e4 {[%clk 00:37:49]}
{[%emt 00:04:54]} Bc4 {[%clk 00:28:15]} {[%emt 00:01:38]} 18. e5 {[%clk
00:36:44]} {[%emt 00:01:35]} Bxd3 {[%clk 00:18:35]} {[%emt 00:10:11]} 19. exf6
{[%clk 00:37:02]} {[%emt 00:00:12]} Rfd8 {[%clk 00:12:59]} {[%emt 00:06:05]} 20.
Ne5 {[%clk 00:35:44]} {[%emt 00:01:48]} Be2 {[%clk 00:12:15]} {[%emt 00:01:14]}
21. Rxd8+ {[%clk 00:33:51]} {[%emt 00:02:23]} Rxd8 {[%clk 00:12:44]} {[%emt
00:00:01]} 22. fxg7 {[%clk 00:33:49]} {[%emt 00:00:33]} f6 {[%clk 00:08:02]}
{[%emt 00:05:12]} 23. Re1 {[%clk 00:22:57]} {[%emt 00:11:22]} Rd2 {[%clk
00:07:31]} {[%emt 00:01:00]} 24. Nf3 {[%clk 00:22:43]} {[%emt 00:00:44]} Rxb2
{[%clk 00:07:05]} {[%emt 00:00:56]} 25. Nd4 {[%clk 00:20:47]} {[%emt 00:02:26]}
Bc4 {[%clk 00:07:34]} {[%emt 00:00:01]} 26. Nxe6 {[%clk 00:20:33]} {[%emt
00:00:45]} Bxa2 {[%clk 00:07:01]} {[%emt 00:01:02]} 27. Nc7 {[%clk 00:20:18]}
{[%emt 00:00:46]} Kxg7 {[%clk 00:06:46]} {[%emt 00:00:44]} 28. Re7+ {[%clk
00:18:38]} {[%emt 00:02:10]} Kf8 {[%clk 00:06:32]} {[%emt 00:00:44]} 29. Re8+
{[%clk 00:18:43]} {[%emt 00:00:25]} Kf7 {[%clk 00:05:57]} {[%emt 00:01:04]} 30.
Bf3 {[%clk 00:18:45]} {[%emt 00:00:29]} Rc2 {[%clk 00:04:12]} {[%emt 00:02:16]}
31. Bh5+ {[%clk 00:18:50]} {[%emt 00:00:25]} Kg7 {[%clk 00:04:37]} {[%emt
00:00:04]} 32. Re7+ {[%clk 00:18:51]} {[%emt 00:00:30]} Kh6 {[%clk 00:04:43]}
{[%emt 00:00:24]} 33. Bf3 {[%clk 00:16:34]} {[%emt 00:02:47]} Nc6 {[%clk
00:05:13]} 34. Rxh7+ {[%clk 00:15:26]} {[%emt 00:01:38]} Kxh7 {[%clk 00:05:29]}
{[%emt 00:00:13]} 35. Be4+ {[%clk 00:15:55]} {[%emt 00:00:01]} Kg7 {[%clk
00:04:47]} {[%emt 00:01:12]} 36. Bxc2 {[%clk 00:16:24]} {[%emt 00:00:02]} Nd4
{[%clk 00:05:06]} {[%emt 00:00:10]} 37. Ba4 {[%clk 00:15:03]} {[%emt 00:01:51]}
Bc4 {[%clk 00:04:43]} {[%emt 00:00:52]} 38. Ne8+ {[%clk 00:15:28]} {[%emt
00:00:06]} Kg6 {[%clk 00:05:02]} {[%emt 00:00:10]} 39. Nd6 {[%clk 00:15:54]}
{[%emt 00:00:05]} Bd5 {[%clk 00:05:04]} {[%emt 00:00:28]} 40. h4 {[%clk
00:15:21]} {[%emt 00:01:04]} a6 {[%clk 00:04:52]} {[%emt 00:00:41]} 41. Nc8
{[%clk 00:15:16]} {[%emt 00:00:36]} Nf3+ {[%clk 00:04:24]} {[%emt 00:00:57]} 42.
Kf1 {[%clk 00:15:29]} {[%emt 00:00:17]} Bc4+ {[%clk 00:04:50]} {[%emt
00:00:04]} 43. Kg2 {[%clk 00:15:30]} {[%emt 00:00:29]} Ne1+ {[%clk 00:05:19]}
{[%emt 00:00:01]} 44. Kg1 {[%clk 00:15:32]} {[%emt 00:00:29]} b5 {[%clk
00:04:32]} {[%emt 00:01:17]} 45. Bd1 {[%clk 00:15:37]} {[%emt 00:00:25]} b4
{[%clk 00:04:07]} {[%emt 00:00:54]} 46. Nb6 {[%clk 00:16:02]} {[%emt 00:00:05]}
Bb5 {[%clk 00:02:30]} {[%emt 00:02:07]} 47. f4 {[%clk 00:11:40]} {[%emt
00:04:52]} Nd3 {[%clk 00:02:45]} {[%emt 00:00:16]} 48. Kg2 {[%clk 00:11:42]}
{[%emt 00:00:27]} a5 {[%clk 00:02:26]} {[%emt 00:00:50]} 49. Kf3 {[%clk
00:11:22]} {[%emt 00:00:49]} Nc5 {[%clk 00:02:16]} {[%emt 00:00:40]} 50. Ke3
{[%clk 00:10:26]} {[%emt 00:01:26]} b3 {[%clk 00:01:41]} {[%emt 00:01:05]} 51.
Kd4 {[%clk 00:07:20]} {[%emt 00:03:37]} b2 {[%clk 00:01:42]} {[%emt 00:00:28]}
52. Bc2+ {[%clk 00:07:46]} {[%emt 00:00:04]} Bd3 {[%clk 00:02:08]} {[%emt
00:00:04]} 53. Kc3 {[%clk 00:08:10]} {[%emt 00:00:05]} b1=Q {[%clk 00:02:20]}
{[%emt 00:00:19]} 54. Bxb1 {[%clk 00:08:34]} {[%emt 00:00:06]} Bxb1 {[%clk
00:02:45]} {[%emt 00:00:05]} 55. g4 {[%clk 00:08:36]} {[%emt 00:00:28]} Ne4+
{[%clk 00:01:25]} {[%emt 00:01:49]} 56. Kc4 {[%clk 00:08:36]} {[%emt 00:00:31]}
Nd2+ {[%clk 00:01:04]} {[%emt 00:00:52]} 57. Kb5 {[%clk 00:06:21]} {[%emt
00:02:45]} Bd3+ {[%clk 00:01:10]} {[%emt 00:00:23]} 58. Kxa5 {[%clk 00:06:13]}
{[%emt 00:00:39]} Be2 {[%clk 00:00:42]} {[%emt 00:00:58]} 59. f5+ {[%clk
00:06:30]} {[%emt 00:00:13]} Kh6 {[%clk 00:00:44]} {[%emt 00:00:27]} 60. g5+
{[%clk 00:06:55]} {[%emt 00:00:05]} fxg5 {[%clk 00:01:08]} {[%emt 00:00:06]} 61.
hxg5+ {[%clk 00:07:24]} Kxg5 {[%emt 00:00:03]} 62. Kb4 {[%clk 00:07:28]} {[%emt
00:00:25]} Kxf5 {[%clk 00:01:56]} {[%emt 00:00:10]} 63. Kc3 {[%clk 00:07:48]}
{[%emt 00:00:10]} Nf3 {[%clk 00:02:17]} {[%emt 00:00:09]} 64. Nd5 {[%clk
00:08:01]} {[%emt 00:00:18]} Ke5 {[%clk 00:02:38]} {[%emt 00:00:09]} 65. Nb4
{[%clk 00:08:22]} {[%emt 00:00:08]} Nd4 {[%clk 00:02:53]} {[%emt 00:00:14]} 66.
Nd3+ {[%clk 00:08:31]} {[%emt 00:00:23]} Ke4 {[%clk 00:03:17]} {[%emt
00:00:05]} 67. Nc5+ {[%clk 00:08:33]} {[%emt 00:00:28]} Ke3 {[%clk 00:03:43]}
{[%emt 00:00:05]} 68. Kb4 {[%clk 00:08:40]} {[%emt 00:00:23]} Bf3 {[%clk
00:03:30]} {[%emt 00:00:42]} 69. Kc3 {[%clk 00:09:00]} {[%emt 00:00:11]} Nb5+
{[%clk 00:03:52]} {[%emt 00:00:08]} 70. Kb4 {[%clk 00:09:02]} {[%emt 00:00:27]}
Nc7 {[%clk 00:04:21]} {[%emt 00:00:01]} 71. Kc3 {[%clk 00:09:19]} {[%emt
00:00:14]} Be2 {[%clk 00:04:32]} {[%emt 00:00:18]} 72. Nb3 {[%clk 00:08:24]}
{[%emt 00:01:25]} Nd5+ {[%clk 00:04:57]} {[%emt 00:00:05]} 73. Kc2 {[%clk
00:08:39]} {[%emt 00:00:15]} Bg4 {[%clk 00:04:59]} {[%emt 00:00:27]} 74. Kb2
{[%clk 00:08:21]} {[%emt 00:00:49]} Kd3 {[%clk 00:05:20]} {[%emt 00:00:08]} 75.
Nc1+ {[%clk 00:07:55]} {[%emt 00:00:57]} Kc4 {[%clk 00:05:46]} {[%emt
00:00:05]} 76. Kc2 {[%clk 00:08:17]} {[%emt 00:00:07]} Nc3 {[%clk 00:05:48]}
{[%emt 00:00:27]} 77. Kd2 {[%clk 00:08:10]} {[%emt 00:00:38]} Bf5 {[%clk
00:04:14]} {[%emt 00:02:05]} 78. Ne2 {[%clk 00:08:25]} {[%emt 00:00:15]} Nxe2
{[%clk 00:04:41]} {[%emt 00:00:02]} 79. Kxe2 {[%clk 00:08:54]} 1/2-1/2

[Event "XLIV Memoriał Szachowy Ludwika Zamenhofa 2025, Grupa B"]
[Site "Bialystok, Poland"]
[Date "2025.12.28"]
[Round "4.3"]
[White "Fuks, Milan"]
[Black "Jarzebowski, Kacper"]
[Result "0-1"]
[TimeControl "90'+30\""]
[WhiteElo "1917"]
[BlackElo "2078"]

1. e4 {[%clk 01:30:57]} {[%emt 00:00:02]} c5 {[%clk 01:30:55]} {[%emt
00:00:06]} 2. Nc3 {[%clk 01:31:11]} {[%emt 00:00:15]} g6 {[%clk 01:31:11]}
{[%emt 00:00:15]} 3. Bc4 {[%clk 01:31:10]} {[%emt 00:00:31]} Nc6 {[%clk
01:31:17]} {[%emt 00:00:24]} 4. d3 {[%clk 01:31:17]} {[%emt 00:00:22]} Bg7
{[%clk 01:31:41]} {[%emt 00:00:07]} 5. Be3 {[%clk 01:30:35]} {[%emt 00:01:12]}
d6 {[%clk 01:31:57]} {[%emt 00:00:13]} 6. Qd2 {[%clk 01:30:22]} {[%emt
00:00:43]} Nf6 {[%clk 01:32:03]} {[%emt 00:00:24]} 7. Nge2 {[%clk 01:27:54]}
{[%emt 00:02:58]} Ng4 {[%clk 01:30:36]} {[%emt 00:01:57]} 8. Bf4 {[%clk
01:27:29]} {[%emt 00:00:56]} O-O {[%clk 01:28:55]} {[%emt 00:02:10]} 9. f3
{[%clk 01:25:43]} {[%emt 00:02:16]} Nge5 {[%clk 01:29:03]} {[%emt 00:00:23]} 10.
Bb3 {[%clk 01:24:59]} {[%emt 00:01:15]} Rb8 {[%clk 01:25:21]} {[%emt 00:04:11]}
11. Bh6 {[%clk 01:23:38]} {[%emt 00:01:50]} Qa5 {[%clk 01:11:33]} {[%emt
00:14:18]} 12. h4 {[%clk 01:15:50]} {[%emt 00:08:18]} Nd4 {[%clk 01:11:55]}
{[%emt 00:00:08]} 13. Kf2 {[%clk 01:13:49]} {[%emt 00:02:31]} Nxe2 {[%clk
00:29:56]} {[%emt 00:42:32]} 14. Kxe2 {[%clk 01:12:26]} {[%emt 00:01:52]} c4
{[%clk 00:22:48]} {[%emt 00:07:39]} 15. Bxg7 {[%clk 01:09:06]} {[%emt
00:03:50]} Kxg7 {[%clk 00:22:56]} {[%emt 00:00:22]} 16. d4 {[%clk 01:07:21]}
{[%emt 00:02:15]} Nc6 {[%clk 00:14:57]} {[%emt 00:08:29]} 17. Bxc4 {[%clk
01:02:44]} {[%emt 00:05:06]} e5 {[%clk 00:15:02]} {[%emt 00:00:26]} 18. h5
{[%clk 00:49:04]} {[%emt 00:14:10]} Nxd4+ {[%clk 00:14:35]} {[%emt 00:00:57]}
19. Kf1 {[%clk 00:48:52]} {[%emt 00:00:41]} Qc7 {[%clk 00:13:52]} {[%emt
00:01:14]} 20. Bd5 {[%clk 00:46:03]} {[%emt 00:03:19]} Be6 {[%clk 00:08:15]}
{[%emt 00:06:07]} 21. hxg6 {[%clk 00:40:53]} {[%emt 00:05:40]} fxg6 {[%clk
00:08:34]} {[%emt 00:00:11]} 22. Bxe6 {[%clk 00:32:17]} {[%emt 00:09:06]} Nxe6
{[%clk 00:08:55]} {[%emt 00:00:09]} 23. Nd5 {[%clk 00:32:29]} {[%emt 00:00:17]}
Qc4+ {[%clk 00:08:55]} {[%emt 00:00:31]} 24. Kf2 {[%clk 00:31:11]} {[%emt
00:01:48]} h5 {[%clk 00:09:09]} {[%emt 00:00:15]} 25. Rhe1 {[%clk 00:29:11]}
{[%emt 00:02:29]} Rbc8 {[%clk 00:09:14]} {[%emt 00:00:27]} 26. c3 {[%clk
00:27:38]} {[%emt 00:02:03]} Nc5 {[%clk 00:09:04]} {[%emt 00:00:40]} 27. Kg1
{[%clk 00:27:16]} {[%emt 00:00:53]} Ne6 {[%clk 00:05:54]} {[%emt 00:03:39]} 28.
Rad1 {[%clk 00:22:52]} {[%emt 00:04:54]} Qc5+ {[%clk 00:05:27]} {[%emt
00:00:57]} 29. Qe3 {[%clk 00:22:14]} {[%emt 00:01:08]} h4 {[%clk 00:04:49]}
{[%emt 00:01:07]} 30. Rd2 {[%clk 00:19:36]} {[%emt 00:03:08]} h3 {[%clk
00:04:24]} {[%emt 00:00:55]} 31. Qxc5 {[%clk 00:19:17]} {[%emt 00:00:50]} dxc5
{[%clk 00:03:19]} {[%emt 00:01:35]} 32. Re3 {[%clk 00:18:56]} {[%emt 00:00:51]}
hxg2 {[%clk 00:02:57]} {[%emt 00:00:49]} 33. Rxg2 {[%clk 00:18:49]} {[%emt
00:00:40]} Rf7 {[%clk 00:02:41]} {[%emt 00:00:46]} 34. Kf2 {[%clk 00:17:04]}
{[%emt 00:02:15]} c4 {[%clk 00:03:05]} {[%emt 00:00:06]} 35. Re1 {[%clk
00:16:40]} {[%emt 00:00:54]} Nc5 {[%clk 00:03:23]} {[%emt 00:00:12]} 36. Reg1
{[%clk 00:16:50]} {[%emt 00:00:19]} Rc6 {[%clk 00:03:08]} {[%emt 00:00:45]} 37.
Ke3 {[%clk 00:16:45]} {[%emt 00:00:35]} Nd3 {[%clk 00:02:40]} {[%emt 00:00:59]}
38. b3 {[%clk 00:15:05]} {[%emt 00:02:10]} Nf4 {[%clk 00:01:26]} {[%emt
00:01:44]} 39. Nxf4 {[%clk 00:15:14]} {[%emt 00:00:21]} exf4+ {[%clk 00:01:46]}
{[%emt 00:00:10]} 40. Kd2 {[%clk 00:14:23]} {[%emt 00:01:21]} Rd7+ {[%clk
00:01:49]} {[%emt 00:00:27]} 41. Kc2 {[%clk 00:14:43]} {[%emt 00:00:09]} Rd3
{[%clk 00:01:59]} {[%emt 00:00:20]} 42. Rf2 {[%clk 00:14:18]} {[%emt 00:00:56]}
Re3 {[%clk 00:02:16]} {[%emt 00:00:12]} 43. b4 {[%clk 00:13:03]} {[%emt
00:01:46]} Rd6 {[%clk 00:02:41]} {[%emt 00:00:04]} 44. Rg4 {[%clk 00:11:45]}
{[%emt 00:01:48]} Rdd3 {[%clk 00:02:44]} {[%emt 00:00:28]} 45. Rxf4 {[%clk
00:12:08]} {[%emt 00:00:07]} Rxc3+ {[%clk 00:03:00]} {[%emt 00:00:14]} 46. Kb2
{[%clk 00:12:03]} {[%emt 00:00:35]} Rcd3 {[%clk 00:02:25]} {[%emt 00:01:05]} 47.
Kc2 {[%clk 00:08:30]} {[%emt 00:04:03]} b5 {[%clk 00:02:48]} {[%emt 00:00:07]}
48. Kb2 {[%clk 00:06:34]} {[%emt 00:02:26]} Rd1 {[%clk 00:03:14]} {[%emt
00:00:05]} 49. Rg4 {[%clk 00:05:08]} {[%emt 00:01:55]} c3+ {[%clk 00:03:21]}
{[%emt 00:00:23]} 50. Kc2 {[%clk 00:04:25]} {[%emt 00:01:14]} Ra1 {[%clk
00:03:44]} {[%emt 00:00:06]} 51. Rgg2 {[%clk 00:04:29]} {[%emt 00:00:25]} Rxa2+
{[%clk 00:03:57]} {[%emt 00:00:18]} 52. Kd1 {[%clk 00:04:24]} {[%emt 00:00:35]}
Ra1+ {[%clk 00:02:54]} {[%emt 00:01:34]} 53. Kc2 {[%clk 00:04:47]} {[%emt
00:00:06]} Kf6 {[%clk 00:02:10]} {[%emt 00:01:13]} 54. Rh2 {[%clk 00:03:23]}
{[%emt 00:01:54]} Ke5 {[%clk 00:02:05]} {[%emt 00:00:36]} 55. Rhg2 {[%clk
00:03:10]} {[%emt 00:00:41]} Kd4 {[%clk 00:01:55]} {[%emt 00:00:41]} 56. Kb3
{[%clk 00:02:31]} {[%emt 00:01:10]} Rb1+ {[%clk 00:02:03]} {[%emt 00:00:22]} 57.
Ka2 {[%clk 00:02:53]} {[%emt 00:00:08]} Ree1 {[%clk 00:01:45]} {[%emt
00:00:48]} 58. Rxg6 {[%clk 00:00:31]} {[%emt 00:02:52]} Ra1+ {[%clk 00:02:04]}
{[%emt 00:00:11]} 59. Kb3 {[%clk 00:00:39]} {[%emt 00:00:21]} Reb1+ {[%clk
00:02:29]} {[%emt 00:00:05]} 0-1